[Event "ODJM C 2018"]
[Site "Willingen GER"]
[Date "2018.05.22"]
[Round "4"]
[White "Scharf, Christian"]
[Black "Feil, Alexander"]
[Result "1/2-1/2"]
[Termination "normal"]
[Board "4"]
[WhiteElo "1246"]
[BlackElo "1361"]
[WhiteClock "00:18:37"]
[BlackClock "00:43:14"]
[PlyCount "51"]
[WhiteFideId "16266110"]
[BlackFideId "4002954"]
[EventCountry "GER"]
[EventRounds "9"]
[EventType "swiss"]
[EventDate "2018.05.19"]

1. e4 {[%clk 1:30:58]} 1... e5 {[%clk 1:30:57]} 2. Nf3 {[%clk 1:31:22]} 2...
Nf6 {[%clk 1:31:22]} 3. Nxe5 {[%clk 1:31:44]} 3... d6 {[%clk 1:31:49]} 4. Nf3 {
[%clk 1:32:05]} 4... Nxe4 {[%clk 1:32:14]} 5. Nc3 {[%clk 1:32:04]} 5... Nxc3 {
[%clk 1:32:37]} 6. dxc3 {[%clk 1:32:24]} 6... Be7 {[%clk 1:32:53]} 7. Be3 {
[%clk 1:31:03]} 7... O-O {[%clk 1:32:39]} 8. Be2 {[%clk 1:25:34]} 8... Bf5 {
[%clk 1:28:13]} 9. Nd4 {[%clk 1:24:33]} 9... Be4 {[%clk 1:25:16]} 10. Bf3 {
[%clk 1:10:46]} 10... d5 {[%clk 1:23:57]} 11. Bxe4 {[%clk 1:08:59]} 11... dxe4
{[%clk 1:24:16]} 12. Qg4 {[%clk 1:07:50]} 12... Qd5 {[%clk 1:24:30]} 13. Bh6 {
[%clk 1:04:23]} 13... Bf6 {[%clk 1:24:51]} 14. Nf5 {[%clk 0:58:45]} 14... Qe5 {
[%clk 1:25:03]} 15. Bf4 {[%clk 0:54:53]} 15... Qc5 {[%clk 1:22:47]} 16. Bg5 {
[%clk 0:52:21]} 16... Qe5 {[%clk 1:16:47]} 17. Bxf6 {[%clk 0:49:39]} 17... Qxf6
{[%clk 1:16:51]} 18. Qxe4 {[%clk 0:49:36]} 18... Nc6 {[%clk 1:17:12]} 19. O-O-O
{[%clk 0:46:25]} 19... Rfe8 {[%clk 1:16:35]} 20. Qf3 {[%clk 0:44:27]} 20... Qe6
{[%clk 1:10:31]} 21. Kb1 {[%clk 0:41:52]} 21... Ne5 {[%clk 1:04:52]} 22. Qe4 {
[%clk 0:36:24]} 22... g6 {[%clk 0:55:48]} 23. Nd4 {[%clk 0:29:21]} 23... Qb6 {
[%clk 0:54:16]} 24. Qe2 {[%clk 0:21:03]} 24... c5 {[%clk 0:49:21]} 25. Nf3 {
[%clk 0:18:37]} 25... Ng4 {[%clk 0:43:14]} 26. Qf1 1/2-1/2

[Event "ODJM C 2018"]
[Site "Willingen GER"]
[Date "2018.05.22"]
[Round "4"]
[White "Heß, Wadim"]
[Black "Altgelt, Helene"]
[Result "1-0"]
[Termination "normal"]
[Board "5"]
[WhiteElo "1235"]
[BlackElo "1199"]
[WhiteClock "01:21:10"]
[BlackClock "00:26:58"]
[PlyCount "55"]
[WhiteFideId "16266129"]
[BlackFideId "16232020"]
[EventCountry "GER"]
[EventRounds "9"]
[EventType "swiss"]
[EventDate "2018.05.19"]

1. e4 {[%clk 1:30:58]} 1... c6 {[%clk 1:30:57]} 2. Nc3 {[%clk 1:31:23]} 2... d5
{[%clk 1:30:49]} 3. Nf3 {[%clk 1:31:47]} 3... dxe4 {[%clk 1:30:29]} 4. Nxe4 {
[%clk 1:32:12]} 4... Bf5 {[%clk 1:29:46]} 5. Ng3 {[%clk 1:32:35]} 5... Bg6 {
[%clk 1:30:00]} 6. h4 {[%clk 1:32:58]} 6... h6 {[%clk 1:29:56]} 7. Ne5 { [%clk
1:33:13]} 7... Bh7 {[%clk 1:29:16]} 8. Qh5 {[%clk 1:33:35]} 8... g6 { [%clk
1:28:09]} 9. Qf3 {[%clk 1:34:02]} 9... Nf6 {[%clk 1:25:48]} 10. Qb3 { [%clk
1:34:27]} 10... Qd5 {[%clk 1:02:23]} 11. Qxb7 {[%clk 1:28:32]} 11... c5 { [%clk
0:52:07]} 12. Qc8+ {[%clk 1:26:47]} 12... Qd8 {[%clk 0:51:16]} 13. Qxd8+ {[%clk
1:27:14]} 13... Kxd8 {[%clk 0:51:37]} 14. Nxf7+ {[%clk 1:27:41]} 14... Ke8
{[%clk 0:51:31]} 15. Nxh8 {[%clk 1:28:07]} 15... Bg7 {[%clk 0:49:52]} 16. Nxg6
{[%clk 1:28:21]} 16... Bxg6 {[%clk 0:50:02]} 17. Be2 {[%clk 1:28:31]} 17... Nc6
{[%clk 0:49:31]} 18. Bb5 {[%clk 1:28:42]} 18... Rc8 {[%clk 0:49:22]} 19. d3
{[%clk 1:27:59]} 19... Kf7 {[%clk 0:48:27]} 20. O-O {[%clk 1:26:59]} 20... Nd4
{[%clk 0:45:38]} 21. Bc4+ {[%clk 1:26:45]} 21... Kf8 {[%clk 0:44:22]} 22. c3
{[%clk 1:25:10]} 22... Nc2 {[%clk 0:36:43]} 23. Rb1 {[%clk 1:25:13]} 23... Rb8
{[%clk 0:35:59]} 24. Bf4 {[%clk 1:24:48]} 24... Rb7 {[%clk 0:34:38]} 25. Rfc1
{[%clk 1:24:25]} 25... Nd7 {[%clk 0:32:16]} 26. Rxc2 {[%clk 1:21:21]} 26... Nb6
{[%clk 0:31:04]} 27. Ba6 {[%clk 1:21:17]} 27... Bxd3 {[%clk 0:26:58]} 28. Bxd3
{[%clk 1:21:10]} 1-0

[Event "ODJM C 2018"]
[Site "Willingen GER"]
[Date "2018.05.22"]
[Round "4"]
[White "Kail, Oliver"]
[Black "Torosyan, Bagrat"]
[Result "1/2-1/2"]
[Termination "normal"]
[Board "6"]
[WhiteElo "1479"]
[BlackElo "1170"]
[WhiteClock "01:20:40"]
[BlackClock "00:23:17"]
[PlyCount "52"]
[WhiteFideId "16228820"]
[BlackFideId "16258134"]
[EventCountry "GER"]
[EventRounds "9"]
[EventType "swiss"]
[EventDate "2018.05.19"]

1. e4 {[%clk 1:30:58]} 1... e5 {[%clk 1:30:56]} 2. Nf3 {[%clk 1:31:24]} 2...
Nc6 {[%clk 1:31:20]} 3. Nc3 {[%clk 1:31:50]} 3... Nf6 {[%clk 1:31:43]} 4. Bb5 {
[%clk 1:32:14]} 4... Bb4 {[%clk 1:30:45]} 5. d3 {[%clk 1:31:22]} 5... Nd4 {
[%clk 1:29:44]} 6. Bd2 {[%clk 1:31:15]} 6... Bxc3 {[%clk 1:28:40]} 7. Nxd4 {
[%clk 1:31:28]} 7... Bxd2+ {[%clk 1:29:02]} 8. Qxd2 {[%clk 1:31:38]} 8... exd4
{[%clk 1:29:24]} 9. c3 {[%clk 1:31:44]} 9... c6 {[%clk 1:28:22]} 10. Bc4 {
[%clk 1:32:11]} 10... d5 {[%clk 1:26:04]} 11. exd5 {[%clk 1:32:29]} 11... Nxd5
{[%clk 1:20:17]} 12. O-O-O {[%clk 1:28:55]} 12... O-O {[%clk 1:19:58]} 13. h4 {
[%clk 1:28:49]} 13... Qd6 {[%clk 1:17:35]} 14. g3 {[%clk 1:26:01]} 14... dxc3 {
[%clk 1:16:01]} 15. bxc3 {[%clk 1:26:27]} 15... Qa3+ {[%clk 1:16:11]} 16. Kc2 {
[%clk 1:26:51]} 16... Bf5 {[%clk 1:13:01]} 17. h5 {[%clk 1:24:01]} 17... h6 {
[%clk 1:10:23]} 18. g4 {[%clk 1:23:23]} 18... Bxg4 {[%clk 1:04:36]} 19. Rdg1 {
[%clk 1:21:36]} 19... Bf5 {[%clk 1:04:49]} 20. Qxh6 {[%clk 1:21:49]} 20...
Qxc3+ {[%clk 1:04:09]} 21. Kd1 {[%clk 1:22:10]} 21... Qf6 {[%clk 1:02:38]} 22.
Qd2 {[%clk 1:21:13]} 22... Bg4+ {[%clk 0:53:27]} 23. Kc2 {[%clk 1:20:19]} 23...
Bf3 {[%clk 0:38:36]} 24. Rh3 {[%clk 1:20:21]} 24... b5 {[%clk 0:34:04]} 25.
Bxd5 {[%clk 1:20:29]} 25... Bxd5 {[%clk 0:34:17]} 26. Rhg3 {[%clk 1:20:40]}
26... Kh8 {[%clk 0:23:17]} 1/2-1/2

[Event "ODJM C 2018"]
[Site "Willingen GER"]
[Date "2018.05.22"]
[Round "4"]
[White "Glöckl, Simon"]
[Black "Keck, Johannes"]
[Result "0-1"]
[Termination "normal"]
[Board "7"]
[WhiteElo "1321"]
[BlackElo "1147"]
[PlyCount "82"]
[WhiteFideId "16266072"]
[BlackFideId "16258746"]
[EventCountry "GER"]
[EventRounds "9"]
[EventType "swiss"]
[EventDate "2018.05.19"]

1. d4 Nf6 2. Nf3 g6 3. Nbd2 Bg7 4. e4 d6 5. Bd3 Nbd7 6. O-O O-O 7. b4 e5 8. d5
Ng4 9. h3 Nh6 10. Nb3 f5 11. c4 f4 12. c5 g5 13. Nh2 Nf6 14. Nd2 g4 15. hxg4
Nfxg4 16. Nxg4 Nxg4 17. Be2 Qh4 18. Bxg4 Bxg4 19. f3 Bd7 20. Qe1 Qh5 21. Kf2
Bf6 22. Ke2 Bb5+ 23. Kd1 Bxf1 24. Qxf1 Qe8 25. a4 Bh4 26. Nb3 Bg3 27. Bd2 Rf6
28. Be1 Bxe1 29. Kxe1 Rg6 30. Ra2 Qd7 31. Qf2 Rc8 32. Rd2 Rg3 33. Rc2 Qe8 34.
c6 b6 35. Kd2 Qg6 36. Kc3 Kh8 37. Qf1 Rg8 38. Qa6 Rxg2 39. Rc1 Qg3 40. Nd2 Qf2
41. Rc2 Qd4+ 0-1

[Event "ODJM C 2018"]
[Site "Willingen GER"]
[Date "2018.05.22"]
[Round "4"]
[White "Richter, Gerrit"]
[Black "Butenandt, Albrecht"]
[Result "1-0"]
[Termination "normal"]
[Board "8"]
[WhiteElo "1428"]
[BlackElo "1138"]
[PlyCount "57"]
[WhiteFideId "12990825"]
[BlackFideId "16213424"]
[EventCountry "GER"]
[EventRounds "9"]
[EventType "swiss"]
[EventDate "2018.05.19"]

1. e4 c5 2. Nf3 d6 3. d4 cxd4 4. Nxd4 Nf6 5. Nc3 e6 6. Bg5 Be7 7. Qd2 a6 8.
O-O-O b5 9. a3 Bb7 10. f3 Nbd7 11. Bxb5 axb5 12. Ndxb5 d5 13. Bxf6 Nxf6 14.
exd5 Nxd5 15. Nxd5 Bxd5 16. c4 Bxc4 17. Nd6+ Bxd6 18. Qxd6 Qc8 19. Kb1 Bb3 20.
Rc1 Qb7 21. Rc7 Ba2+ 22. Ka1 Qxc7 23. Qxc7 Bd5 24. Rc1 Rd8 25. Qa7 Rd7 26. Rc8+
Ke7 27. Qxd7+ Kxd7 28. Rxh8 h6 29. Rh7 1-0

[Event "ODJM C 2018"]
[Site "Willingen GER"]
[Date "2018.05.22"]
[Round "4"]
[White "Pham, Anh Tuan"]
[Black "Borriss, Benjamin"]
[Result "0-1"]
[Termination "normal"]
[Board "9"]
[WhiteElo "1149"]
[BlackElo "1272"]
[PlyCount "148"]
[WhiteFideId "16245229"]
[BlackFideId "16266099"]
[EventCountry "GER"]
[EventRounds "9"]
[EventType "swiss"]
[EventDate "2018.05.19"]

1. e4 e5 2. Nf3 Nc6 3. d4 exd4 4. Nxd4 Nf6 5. Nxc6 bxc6 6. Nc3 Bb4 7. Bg5 h6 8.
Qd4 Bxc3+ 9. Qxc3 hxg5 10. Bd3 Qe7 11. f3 O-O 12. O-O-O Bb7 13. Qa5 d5 14. Rhe1
Qe5 15. exd5 Qf4+ 16. Kb1 cxd5 17. h3 g6 18. Rd2 c5 19. Bb5 Qb4 20. Qxb4 cxb4
21. Re7 Rab8 22. b3 d4 23. Rxd4 Nd5 24. Re5 Rfd8 25. Kb2 f6 26. Re6 Kf7 27. Re2
Nc3 28. Bc4+ Bd5 29. Red2 Ke6 30. R2d3 Rd6 31. a3 a5 32. a4 Rbd8 33. Re3+ Kf7
34. Red3 f5 35. g3 Ke7 36. Bxd5 Rxd5 37. Re3+ Kf7 38. Rc4 Rd1 39. Rc7+ Kf8 40.
Rcxc3 bxc3+ 41. Rxc3 Kf7 42. Rc7+ Kf6 43. Rc6+ R8d6 44. Rc5 R1d5 45. Rc8 Re5
46. f4 Re3 47. fxg5+ Kxg5 48. h4+ Kf6 49. Rf8+ Kg7 50. Ra8 Rd5 51. Ra7+ Kh6 52.
Ra8 Rxg3 53. Rh8+ Kg7 54. Re8 f4 55. Re7+ Kf6 56. Re4 Rf5 57. b4 axb4 58. a5
Ra3 59. Rxb4 Raxa5 60. Rb6+ Ke5 61. Rxg6 f3 62. Rg1 f2 63. Rf1 Ke4 64. h5 Ke3
65. h6 Rh5 66. h7 Rxh7 67. c4 Ke2 68. Rb1 Rb7+ 69. Kc3 Rxb1 70. Kd4 f1=Q 71. c5
Rd1+ 72. Ke4 Qf3+ 73. Ke5 Rxc5+ 74. Ke6 Qf5+ 0-1

[Event "ODJM C 2018"]
[Site "Willingen GER"]
[Date "2018.05.22"]
[Round "4"]
[White "Zobel, Christian Erik"]
[Black "Zinnikus, Elias"]
[Result "0-1"]
[Termination "normal"]
[Board "10"]
[WhiteElo "1240"]
[BlackElo "944"]
[PlyCount "66"]
[WhiteFideId "16259068"]
[BlackFideId "16245024"]
[EventCountry "GER"]
[EventRounds "9"]
[EventType "swiss"]
[EventDate "2018.05.19"]

1. e4 d6 2. d4 Nf6 3. Nd2 g6 4. f4 Bg7 5. Ngf3 O-O 6. Bc4 c6 7. O-O Nbd7 8. Qe1
b5 9. Bd3 Qc7 10. c3 e5 11. Qh4 exd4 12. cxd4 Re8 13. Re1 Bb7 14. Nf1 Rac8 15.
Ng3 a6 16. f5 c5 17. fxg6 fxg6 18. Bh6 cxd4 19. Bxg7 Kxg7 20. Nxd4 Qc5 21. Nge2
Bxe4 22. Rac1 Qd5 23. Rxc8 Rxc8 24. Bxe4 Qxe4 25. Qxe4 Nxe4 26. Nf4 Ndf6 27. h3
Kf7 28. Rf1 Nd2 29. Rf2 Nde4 30. Rf1 Ke7 31. Re1 Rc4 32. Nd5+ Nxd5 33. Rxe4+
Kd7 0-1

[Event "ODJM C 2018"]
[Site "Willingen GER"]
[Date "2018.05.22"]
[Round "4"]
[White "Senechal, Niklas Bennett"]
[Black "Shapiro, Danil"]
[Result "1-0"]
[Termination "normal"]
[Board "11"]
[WhiteElo "1395"]
[BlackElo "1238"]
[PlyCount "45"]
[WhiteFideId "16231180"]
[BlackFideId "16260015"]
[EventCountry "GER"]
[EventRounds "9"]
[EventType "swiss"]
[EventDate "2018.05.19"]

1. e4 e6 2. d4 d5 3. e5 c5 4. c3 Nc6 5. Nf3 Qb6 6. Bg5 Qxb2 7. Qb3 Qxa1 8. Bc1
c4 9. Qc2 Nge7 10. Nfd2 b5 11. Nb3 cxb3 12. Qxb3 b4 13. Bd3 bxc3 14. O-O Nb4
15. Nxc3 Nxd3 16. Ba3 Qxf1+ 17. Kxf1 Ba6 18. Qa4+ Kd8 19. Qxa6 Nf4 20. Qd6+ Kc8
21. Nb5 Kb7 22. Qc7+ Ka6 23. Nd6 1-0

[Event "ODJM C 2018"]
[Site "Willingen GER"]
[Date "2018.05.22"]
[Round "4"]
[White "Muhina, Liana"]
[Black "Hoffmann, Alexander"]
[Result "0-1"]
[Termination "normal"]
[Board "12"]
[WhiteElo "1203"]
[BlackElo "1059"]
[PlyCount "72"]
[WhiteFideId "16266145"]
[BlackFideId "16240219"]
[EventCountry "GER"]
[EventRounds "9"]
[EventType "swiss"]
[EventDate "2018.05.19"]

1. e4 e5 2. Nf3 Nc6 3. d4 exd4 4. Nxd4 Nf6 5. Nxc6 bxc6 6. Bg5 Be7 7. Nc3 Nxe4
8. Nxe4 Bxg5 9. Qh5 Bf6 10. Bc4 d5 11. Nxf6+ Qxf6 12. Qe2+ Be6 13. Bd3 Qxb2 14.
O-O Qf6 15. Rab1 O-O 16. Rfe1 Rab8 17. Rxb8 Rxb8 18. Ba6 Rb2 19. Bc8 Rxa2 20.
h3 Qf5 21. Rc1 g6 22. Bxe6 Qxe6 23. Qd1 Qe5 24. h4 Ra4 25. g3 Rd4 26. Qf1 Rd2
27. Re1 Qf5 28. Re8+ Kg7 29. Qa1+ Qf6 30. Qe1 Qc3 31. Qe7 Qf3 32. Qf8+ Kf6 33.
Qh8+ Kf5 34. Qe5+ Kg4 35. Qg5+ Kh3 36. Kf1 Qh1# 0-1

[Event "ODJM C 2018"]
[Site "Willingen GER"]
[Date "2018.05.22"]
[Round "4"]
[White "Sarian, Gaya"]
[Black "Herbertz, Daria"]
[Result "1-0"]
[Termination "normal"]
[Board "13"]
[WhiteElo "1143"]
[BlackElo "1394"]
[PlyCount "143"]
[WhiteFideId "16266161"]
[BlackFideId "16222989"]
[EventCountry "GER"]
[EventRounds "9"]
[EventType "swiss"]
[EventDate "2018.05.19"]

1. e4 c5 2. Nc3 Nc6 3. Nf3 d6 4. Bb5 Bd7 5. d3 a6 6. Ba4 g6 7. O-O Bg7 8. Bd2
e6 9. Re1 Nge7 10. Rb1 O-O 11. Qc1 b5 12. Bb3 Nd4 13. Nxd4 Bxd4 14. Bh6 Bg7 15.
Qf4 Bxh6 16. Qxh6 Nc6 17. Re3 Qf6 18. Rh3 Qg7 19. Qxg7+ Kxg7 20. Re1 Nd4 21. e5
Nxb3 22. cxb3 d5 23. Rc1 f6 24. Ne2 Rac8 25. f4 fxe5 26. fxe5 Rf5 27. Re3 Rcf8
28. h3 Rf2 29. Rxc5 Rf1+ 30. Kh2 Ra1 31. Rc7 Rf7 32. Rf3 Be8 33. Rfxf7+ Bxf7
34. Nf4 Kf8 35. a3 Re1 36. Ra7 Rxe5 37. Rxa6 Rf5 38. Nxe6+ Bxe6 39. Rxe6 Rf2
40. Rb6 Rxb2 41. Rxb5 Ke7 42. Kg3 Ke6 43. d4 Rd2 44. Rb4 Kf5 45. Kf3 Rd3+ 46.
Ke2 Ke4 47. a4 Rxd4 48. Rxd4+ Kxd4 49. Kd2 Kc5 50. a5 Kb5 51. b4 Ka6 52. Kc3
Kb5 53. Kd4 Ka6 54. Kxd5 Kb5 55. Ke6 h5 56. Kf6 h4 57. Kxg6 Ka6 58. Kg5 Kb5 59.
Kxh4 Ka6 60. g4 Kb5 61. g5 Ka6 62. g6 Kb5 63. g7 Ka6 64. g8=Q Kb5 65. Kg4 Kxb4
66. Qc8 Kxa5 67. Qb8 Ka6 68. Kf4 Ka5 69. Ke4 Ka4 70. Kd4 Ka3 71. Kc3 Ka2 72.
Qb2# 1-0

[Event "ODJM C 2018"]
[Site "Willingen GER"]
[Date "2018.05.22"]
[Round "4"]
[White "Guo, Jacob Tingshen"]
[Black "I., Natascha"]
[Result "1/2-1/2"]
[Termination "normal"]
[Board "14"]
[WhiteElo "1108"]
[BlackElo "1131"]
[PlyCount "46"]
[WhiteFideId "16245245"]
[BlackFideId "16257545"]
[EventCountry "GER"]
[EventRounds "9"]
[EventType "swiss"]
[EventDate "2018.05.19"]

1. e4 e5 2. Nf3 Nc6 3. d4 exd4 4. Nxd4 Bc5 5. Be3 Qf6 6. c3 Nge7 7. b4 Bb6 8.
Qd2 a6 9. Nxc6 bxc6 10. Bd4 Qg6 11. Qe3 Rb8 12. Nd2 O-O 13. Nf3 Re8 14. Qd3
Bxd4 15. Nxd4 Nd5 16. f3 Nb6 17. g3 Bb7 18. Bg2 d5 19. O-O Nd7 20. Rfe1 c5 21.
bxc5 Nxc5 22. Qe2 h6 23. e5 Nd3 1/2-1/2

[Event "ODJM C 2018"]
[Site "Willingen GER"]
[Date "2018.05.22"]
[Round "4"]
[White "Grunert, Heinrich"]
[Black "Zalomska, Nikola"]
[Result "0-1"]
[Termination "normal"]
[Board "17"]
[WhiteElo "1212"]
[BlackElo "1174"]
[PlyCount "64"]
[WhiteFideId "16213416"]
[BlackFideId "16241290"]
[EventCountry "GER"]
[EventRounds "9"]
[EventType "swiss"]
[EventDate "2018.05.19"]

1. e4 e5 2. Nf3 Nc6 3. Bc4 Bc5 4. c3 Nf6 5. d4 exd4 6. cxd4 Bb4+ 7. Bd2 Nxe4 8.
d5 Nxd2 9. Nbxd2 Qe7+ 10. Be2 Ne5 11. Nxe5 Qxe5 12. Qb3 Bxd2+ 13. Kxd2 O-O 14.
Rab1 Qg5+ 15. Kc2 Qxg2 16. Rbf1 Qg6+ 17. Kd1 c6 18. Rfg1 Qf6 19. dxc6 dxc6 20.
Rg2 Qd6+ 21. Ke1 Re8 22. Qc3 g6 23. Kf1 Qe6 24. Bc4 Qe4 25. Kg1 Qb1+ 26. Bf1
Re1 27. h3 Rxf1+ 28. Kh2 Rxh1+ 29. Kg3 Rxh3+ 30. Kf4 Rxc3 31. Kg5 Qf5+ 32. Kh4
Rh3# 0-1

[Event "ODJM C 2018"]
[Site "Willingen GER"]
[Date "2018.05.22"]
[Round "4"]
[White "Schneble, Milan"]
[Black "Wilmink, Luca"]
[Result "1-0"]
[Termination "normal"]
[Board "18"]
[WhiteElo "1258"]
[BlackElo "1267"]
[PlyCount "112"]
[WhiteFideId "16266102"]
[BlackFideId "16245253"]
[EventCountry "GER"]
[EventRounds "9"]
[EventType "swiss"]
[EventDate "2018.05.19"]

1. d4 Nf6 2. Nf3 g6 3. Nc3 Bg7 4. e4 d5 5. e5 Ng8 6. Bd3 e6 7. O-O Ne7 8. Bg5
O-O 9. Qd2 Bd7 10. Bf6 a6 11. Qg5 Bxf6 12. exf6 Nf5 13. Ne5 Kh8 14. Ng4 Bb5 15.
Nxb5 axb5 16. Bxf5 exf5 17. Nh6 Nd7 18. Nxf5 Qxf6 19. Qxf6+ Nxf6 20. Ne3 Rfe8
21. b3 b6 22. Rfe1 c5 23. Red1 Re4 24. dxc5 d4 25. Nf1 bxc5 26. Ng3 Re5 27. a4
bxa4 28. Rxa4 Rae8 29. b4 cxb4 30. Rxb4 h5 31. Rbxd4 h4 32. Nf1 g5 33. h3 Re2
34. c4 Rc2 35. Ne3 Rc3 36. Rd8 Rxd8 37. Rxd8+ Kg7 38. Nf5+ Kg6 39. Ne7+ Kg7 40.
Rc8 g4 41. Nf5+ Kg6 42. Nxh4+ Kg5 43. g3 gxh3 44. c5 Rc2 45. c6 Rc4 46. c7 Rc2
47. Nf3+ Kg4 48. Ne5+ Kf5 49. Nxf7 Nd5 50. Kh2 Rxf2+ 51. Kxh3 Rc2 52. Nd6+ Ke6
53. Nb5 Ke7 54. g4 Nxc7 55. Rxc7+ Rxc7 56. Nxc7 Kf7 1-0

[Event "ODJM C 2018"]
[Site "Willingen GER"]
[Date "2018.05.22"]
[Round "4"]
[White "Borgstädt, Leif"]
[Black "Haug, Mara"]
[Result "1-0"]
[Termination "normal"]
[Board "20"]
[WhiteElo "1175"]
[BlackElo "938"]
[PlyCount "43"]
[WhiteFideId "16266153"]
[BlackFideId "16259300"]
[EventCountry "GER"]
[EventRounds "9"]
[EventType "swiss"]
[EventDate "2018.05.19"]

1. d4 d5 2. c4 e6 3. Nc3 Nf6 4. Bg5 Nc6 5. e3 Bd6 6. Qc2 Bb4 7. cxd5 exd5 8.
Nf3 Bg4 9. Ne5 Qd6 10. Bxf6 Qxf6 11. Nxg4 Qg5 12. Ne5 Nxe5 13. dxe5 Qxe5 14.
Qa4+ c6 15. Qxb4 a5 16. Qxb7 Rb8 17. Qxc6+ Ke7 18. Nxd5+ Kf8 19. Qc5+ Ke8 20.
Bb5+ Kd8 21. O-O Qxb2 22. Qc7# 1-0

[Event "ODJM C 2018"]
[Site "Willingen GER"]
[Date "2018.05.22"]
[Round "4"]
[White "Sieber, Cassandra"]
[Black "Hernando, Leonard"]
[Result "0-1"]
[Termination "normal"]
[Board "21"]
[WhiteElo "1001"]
[BlackElo "1107"]
[PlyCount "94"]
[WhiteFideId "16266218"]
[BlackFideId "16266170"]
[EventCountry "GER"]
[EventRounds "9"]
[EventType "swiss"]
[EventDate "2018.05.19"]

1. e4 e5 2. Nf3 Nc6 3. Bc4 Nf6 4. d3 Bc5 5. Bg5 h6 6. Bh4 g5 7. Bg3 d6 8. h3 g4
9. Nfd2 gxh3 10. gxh3 Nd7 11. Qh5 Qe7 12. Nc3 Nb6 13. Nd5 Nxd5 14. Bxd5 Nb4 15.
Bb3 Be6 16. O-O-O Bxb3 17. Nxb3 Nxa2+ 18. Kb1 Nb4 19. Bh4 Qe6 20. Nxc5 dxc5 21.
c3 Qa2+ 22. Kc1 Qa1+ 23. Kd2 Qxb2+ 24. Ke3 Nc6 25. Rb1 Qxc3 26. Rxb7 Qd4+ 27.
Ke2 Qd6 28. Rg1 Nd4+ 29. Ke3 a5 30. Rg7 Rf8 31. f3 a4 32. Be1 Nc2+ 33. Kd2 Nxe1
34. Kxe1 a3 35. Rb1 a2 36. Ra1 Qd4 37. Rd1 a1=Q 38. Qxh6 Qac3+ 39. Rd2 Ra1+ 40.
Ke2 Qd6 41. Qe3 Qcd4 42. Qg5 Qe7 43. Qg4 c4 44. dxc4 Qxc4+ 45. Rd3 Ra2+ 46. Ke3
Qc1+ 47. Rd2 Qxd2# 0-1

[Event "ODJM C 2018"]
[Site "Willingen GER"]
[Date "2018.05.22"]
[Round "4"]
[White "Ahrens, Malte"]
[Black "Hornstein, Leonhard"]
[Result "0-1"]
[Termination "normal"]
[Board "24"]
[WhiteElo "1046"]
[BlackElo "934"]
[PlyCount "110"]
[WhiteFideId "16266196"]
[BlackFideId "16254643"]
[EventCountry "GER"]
[EventRounds "9"]
[EventType "swiss"]
[EventDate "2018.05.19"]

1. e4 d5 2. e5 e6 3. d4 c5 4. c4 Nc6 5. Nf3 f6 6. Bf4 Qb6 7. Be3 Qxb2 8. Nbd2
Qb6 9. Bd3 cxd4 10. Rb1 Qc7 11. Nxd4 Nxd4 12. Bxd4 fxe5 13. Bc3 Bc5 14. Qh5+
Qf7 15. Qxf7+ Kxf7 16. Bxe5 Nf6 17. Rb5 b6 18. Bxf6 Kxf6 19. Nb3 Bd7 20. Nxc5
Bxb5 21. cxd5 Bxd3 22. Nxd3 exd5 23. O-O Rhe8 24. f4 Rac8 25. g4 Re2 26. Nf2
Rcc2 27. h4 d4 28. f5 d3 29. g5+ Kxf5 30. Nxd3+ Ke4 31. Nf2+ Kd4 32. Rd1+ Kc3
33. Rd3+ Kb2 34. Nd1+ Kc1 35. Kf1 Red2 36. Rxd2 Rxd2 37. Ne3 Rxa2 38. h5 b5 39.
Nd5 Rd2 40. Nf4 b4 41. Ne6 g6 42. hxg6 hxg6 43. Nf8 b3 44. Nxg6 b2 45. Nf4 b1=Q
46. Ne2+ Rxe2 47. Kxe2 Qf5 48. g6 Qxg6 49. Ke1 Qc2 50. Kf1 Kd2 51. Kf2 Qe4 52.
Kf1 Qe2+ 53. Kg1 Ke3 54. Kh1 Kf3 55. Kg1 Qg2# 0-1

[Event "ODJM C 2018"]
[Site "Willingen GER"]
[Date "2018.05.22"]
[Round "4"]
[White "Foos, Vanessa"]
[Black "Burger, Daiana"]
[Result "1-0"]
[Termination "normal"]
[Board "25"]
[WhiteElo "1171"]
[BlackElo "939"]
[PlyCount "61"]
[WhiteFideId "16245270"]
[BlackFideId "16217233"]
[EventCountry "GER"]
[EventRounds "9"]
[EventType "swiss"]
[EventDate "2018.05.19"]

1. e4 e5 2. Nf3 Nc6 3. Bc4 d6 4. Nc3 Be7 5. d3 Nf6 6. Be3 Bd7 7. Qd2 Na5 8.
O-O-O c6 9. Qe2 b5 10. Bb3 Nxb3+ 11. cxb3 O-O 12. d4 a6 13. dxe5 dxe5 14. Nxe5
Qc7 15. Nxd7 Nxd7 16. Qg4 g6 17. Rxd7 Qc8 18. Rhd1 Re8 19. Qf3 c5 20. Bg5 Bxg5+
21. Kb1 Be7 22. Nd5 Qxd7 23. Nf6+ Bxf6 24. Rxd7 Re6 25. e5 Rae8 26. exf6 a5 27.
Re7 R6xe7 28. fxe7 Rxe7 29. Qa8+ Kg7 30. Qxa5 h5 31. Qxb5 1-0

[Event "ODJM C 2018"]
[Site "Willingen GER"]
[Date "2018.05.22"]
[Round "4"]
[White "Ahrens, Merle"]
[Black "Wagner, Xaver Korbinian"]
[Result "1-0"]
[Termination "normal"]
[Board "26"]
[WhiteElo "1008"]
[BlackElo "1127"]
[PlyCount "53"]
[WhiteFideId "16266200"]
[EventCountry "GER"]
[EventRounds "9"]
[EventType "swiss"]
[EventDate "2018.05.19"]

1. d4 d5 2. e3 e6 3. f4 Bb4+ 4. Bd2 Bxd2+ 5. Nxd2 Nf6 6. c4 Nc6 7. Ngf3 O-O 8.
Bd3 Qe7 9. O-O Nb4 10. Qb3 Nxd3 11. Qxd3 Qb4 12. Rab1 Nd7 13. a3 Qa4 14. c5 Qc6
15. b4 Nf6 16. b5 Qd7 17. Ne5 Qe7 18. a4 Bd7 19. a5 c6 20. bxc6 bxc6 21. a6
Rab8 22. Nb3 Qd8 23. Rf2 Be8 24. Ra2 Nd7 25. Nxc6 Qc8 26. Ne7+ Kh8 27. Nxc8 1-0

[Event "ODJM C 2018"]
[Site "Willingen GER"]
[Date "2018.05.22"]
[Round "4"]
[White "Basovskiy, Michael"]
[Black "Margaryan, Venera"]
[Result "1/2-1/2"]
[Termination "normal"]
[Board "27"]
[WhiteElo "937"]
[BlackElo "991"]
[PlyCount "59"]
[WhiteFideId "16258754"]
[BlackFideId "16266226"]
[EventCountry "GER"]
[EventRounds "9"]
[EventType "swiss"]
[EventDate "2018.05.19"]

1. d4 d5 2. c4 c6 3. Nc3 Bf5 4. Qb3 Qc7 5. cxd5 cxd5 6. Nxd5 Qc8 7. Bf4 Nc6 8.
Rc1 Rb8 9. Bxb8 Qxb8 10. e3 e6 11. Nf4 Bb4+ 12. Kd1 Nf6 13. Bd3 Ng4 14. Ke2 O-O
15. a3 Ba5 16. Nf3 Re8 17. Bxf5 exf5 18. Rhd1 Qxf4 19. g3 Qb8 20. Kf1 h6 21. h3
Nf6 22. Qa4 Bb6 23. d5 Ne7 24. d6 Ned5 25. Qc2 Qxd6 26. Qxf5 Qe6 27. Qxe6 Rxe6
28. Nd4 Bxd4 29. Rxd4 Re5 30. Kg2 1/2-1/2

[Event "ODJM C 2018"]
[Site "Willingen GER"]
[Date "2018.05.22"]
[Round "4"]
[White "Trenkelbach, Cassian Karl"]
[Black "Matiashvili, Alexander Michael"]
[Result "0-1"]
[Termination "normal"]
[Board "28"]
[WhiteElo "1076"]
[BlackElo "847"]
[PlyCount "88"]
[WhiteFideId "16266188"]
[BlackFideId "16266242"]
[EventCountry "GER"]
[EventRounds "9"]
[EventType "swiss"]
[EventDate "2018.05.19"]

1. e4 e5 2. Nf3 Nc6 3. d4 exd4 4. Nxd4 Nf6 5. Nc3 Bb4 6. Nxc6 bxc6 7. e5 Qe7 8.
Qe2 Nd5 9. Bd2 Nxc3 10. bxc3 Ba5 11. Qe3 Bb6 12. Qg3 d6 13. Qxg7 Qxe5+ 14.
Qxe5+ dxe5 15. g3 Bb7 16. Bc4 c5 17. O-O O-O-O 18. Rfe1 Rxd2 19. Rxe5 Rhd8 20.
Ree1 Bd5 21. Bxd5 R8xd5 22. Rac1 c4 23. Rf1 Rf5 24. Rce1 Bxf2+ 25. Rxf2 Rfxf2
26. Kh1 Rxh2+ 27. Kg1 Rhe2 28. Rxe2 Rxe2 29. a4 Rxc2 30. Kf1 a5 31. g4 f6 32.
g5 fxg5 33. Ke1 g4 34. Kf1 Rxc3 35. Ke2 Rd3 36. Kf2 Rd6 37. Ke3 c3 38. Kf4 c2
39. Kxg4 c1=Q 40. Kf5 Qc5+ 41. Kf4 Rd4+ 42. Ke3 Qc3+ 43. Ke2 Rd2+ 44. Ke1 Qc1#
0-1